Ukončenie činnosti podniku, formy a dopady bakalárska práca

Uložené v:
Podrobná bibliografia
Hlavný autor: Sýkora, Šimon
Korporativný autor: Fakulta podnikového manažmentu EU. Katedra podnikovohospodárska
Ďalší autori: Kubica, Milan, 1958-
Médium: Kniha
Jazyk:Slovak
Vydavateľské údaje: Bratislava 2014
Tagy: Pridať tag
Žiadne tagy, Buďte prvý, kto otaguje tento záznam!

MARC

LEADER 00000nbm a2200000 4500
001 0189666
005 20170201093008.8
041 0 |a slo 
044 |a SK 
245 1 0 |a Ukončenie činnosti podniku, formy a dopady  |b bakalárska práca  |c Šimon Sýkora ; školiteľ: Milan Kubica 
264 1 |a Bratislava  |c 2014 
300 |a 50 s. 
100 1 |a Sýkora, Šimon 
700 1 |a Kubica, Milan, 1958- 
710 2 |a Fakulta podnikového manažmentu EU. Katedra podnikovohospodárska